[Event "Memorial Perezzani 2019"]
[Site "?"]
[Date "2019.03.01"]
[Round "1.1"]
[White "Zanirato, Stefano"]
[Black "Aliberti, Nicola"]
[Result "1/2-1/2"]
[WhiteElo "1865"]
[BlackElo "1690"]
[PlyCount "92"]

1. e4 c6 2. d4 d5 3. exd5 cxd5 4. Bd3 Nf6 5. Nf3 e6 6. O-O Be7 7. Re1 O-O 8. c3
a6 9. Nbd2 b5 10. Nf1 Bb7 11. Ng3 Nbd7 12. Ne5 Nb6 13. Nh5 Nc4 14. Nxf6+ Bxf6
15. Qh5 g6 16. Qh3 Nxe5 17. dxe5 Bg7 18. Bh6 d4 19. Bxg7 Kxg7 20. Rad1 Qb6 21.
cxd4 Rfd8 22. Qe3 Qxd4 23. Qxd4 Rxd4 24. Be2 Rad8 25. Rxd4 Rxd4 26. Rd1 Rxd1+
27. Bxd1 Bd5 28. a3 Kf8 29. f3 Ke7 30. Kf2 Kd7 31. Ke3 Kc7 32. Bc2 Kb6 33. b4
a5 34. h4 axb4 35. axb4 Bc4 36. h5 Kc6 37. Kd4 Bf1 38. g3 Be2 39. Be4+ Kb6 40.
Ke3 Bf1 41. Kf4 Kc7 42. Kg5 Kd8 43. Kf6 Ke8 44. Bc6+ Kf8 45. g4 Bd3 46. f4 Bc4
1/2-1/2

[Event "Memorial Perezzani 2019"]
[Site "?"]
[Date "2019.03.01"]
[Round "1.2"]
[White "Roiatti, Noris"]
[Black "Negro, Raffaele"]
[Result "1/2-1/2"]
[WhiteElo "1685"]
[BlackElo "1831"]
[PlyCount "39"]
[EventDate "2019.??.??"]

1. e4 e6 2. Nf3 c5 3. d4 d5 4. Bb5+ Bd7 5. Bxd7+ Qxd7 6. exd5 exd5 7. dxc5 Bxc5
8. O-O Nf6 9. Nc3 O-O 10. Bg5 Ne4 11. Nxd5 Nxg5 12. Nxg5 Rd8 13. c4 Nc6 14. Ne4
Bd4 15. Rb1 Qf5 16. Qxd4 Nxd4 17. Ne7+ Kf8 18. Nxf5 Nxf5 19. Rbd1 b6 20. Nc3
1/2-1/2

[Event "Memorial Perezzani 2019"]
[Site "?"]
[Date "2019.03.01"]
[Round "1.3"]
[White "Adami, Alessandro"]
[Black "Perantoni, Matteo"]
[Result "0-1"]
[WhiteElo "1797"]
[BlackElo "1680"]
[PlyCount "100"]
[EventDate "2019.??.??"]

1. e4 e5 2. d4 exd4 3. Qxd4 Nc6 4. Qe3 Nf6 5. Nc3 Bb4 6. Bd2 d6 7. O-O-O Qe7 8.
Bd3 Be6 9. h3 Bc5 10. Qe1 O-O-O 11. Be3 d5 12. exd5 Nxd5 13. Bxc5 Qxc5 14. Nge2
Ndb4 15. Kb1 Nxd3 16. cxd3 Nb4 17. Nc1 Rhe8 18. Qf1 Bf5 19. g4 Bg6 20. f4 f5
21. a3 Nc6 22. Rh2 Re3 23. Re2 fxg4 24. Qg1 Rexd3 25. Qxc5 Rxc3+ 26. f5 Rxc5
27. Rxd8+ Kxd8 28. fxg6 gxh3 29. gxh7 Rh5 30. Rh2 Rxh7 31. Nd3 Nd4 32. Nf2 Nf3
33. Rxh3 Rxh3 34. Nxh3 g5 35. Kc2 Ke7 36. Kd3 Kf6 37. Ke3 Ne5 38. b3 Kf5 39. a4
g4 40. Nf4 Nd7 41. b4 Ke5 42. Nd3+ Kd5 43. Nb2 Ne5 44. Kf4 Kd4 45. Nd1 Nd3+ 46.
Kxg4 Nxb4 47. Kf3 Nd3 48. Ke2 Nc5 49. a5 Kc4 50. Kd2 Nb3+ 0-1

[Event "Memorial Perezzani 2019"]
[Site "?"]
[Date "2019.03.01"]
[Round "1.4"]
[White "Jasimi, Alfred"]
[Black "Pieropan, Giorgio"]
[Result "0-1"]
[WhiteElo "1669"]
[BlackElo "1792"]
[PlyCount "136"]
[EventDate "2019.??.??"]

1. e4 d5 2. exd5 Qxd5 3. Nc3 Qa5 4. d4 Nf6 5. Bc4 Bg4 6. f3 Bf5 7. Nge2 c6 8.
g4 Bg6 9. h4 h5 10. g5 Nd5 11. Bd3 Bxd3 12. Qxd3 Nb4 13. Qe4 e6 14. Ng3 Bd6 15.
f4 Nd7 16. g6 Nf6 17. gxf7+ Kxf7 18. Qe2 Nbd5 19. Bd2 Bxf4 20. Bxf4 Nxf4 21.
Qf3 N4d5 22. Nge4 Nxc3 23. bxc3 Ke7 24. Nc5 b6 25. Nxe6 Kxe6 26. Qxc6+ Kf7 27.
Qb7+ Kg6 28. Kd2 Qf5 29. Rhg1+ Ng4 30. Raf1 Qe6 31. Re1 Qd6 32. Qe4+ Kh6 33.
Qf5 Qh2+ 34. Kc1 Raf8 35. Qg5+ Kh7 36. Qxh5+ Kg8 37. Qxg4 Qf4+ 38. Qxf4 Rxf4
39. Re7 Rf7 40. Rxf7 Kxf7 41. Rg4 Kf6 42. Kd2 Rh5 43. Re4 Ra5 44. c4 Rxa2 45.
d5 Kf5 46. Re8 Ra4 47. Kd3 b5 48. c5 Rc4 49. c6 Rc5 50. Rd8 Ke5 51. Rd7 a5 52.
c7 a4 53. Rxg7 a3 54. h5 a2 55. Rg1 Rxc7 56. c3 Kxd5 57. Kc2 b4 58. Kb2 bxc3+
59. Kxa2 Kc4 60. h6 Ra7+ 61. Kb1 Kb3 62. Rg3 Rf7 63. Rg1 Ra7 64. Rg3 Rd7 65.
Kc1 Rf7 66. Kd1 Rf1+ 67. Ke2 Rh1 68. Rg6 c2 0-1

[Event "Memorial Perezzani 2019"]
[Site "?"]
[Date "2019.03.01"]
[Round "1.5"]
[White "Adami, Antonio"]
[Black "Frescura, Davide"]
[Result "1/2-1/2"]
[WhiteElo "1787"]
[BlackElo "1645"]
[PlyCount "131"]
[EventDate "2019.??.??"]

1. d4 Nf6 2. Bf4 d5 3. e3 e6 4. Nf3 c5 5. c3 Nc6 6. Bd3 Be7 7. Nbd2 O-O 8. h3
Bd7 9. g4 cxd4 10. exd4 a6 11. Qc2 g6 12. Ne5 Nxe5 13. dxe5 Ne8 14. Bh6 Ng7 15.
Nf3 Bc6 16. Rd1 Qc7 17. Qe2 b5 18. a3 d4 19. Be4 Bxe4 20. Qxe4 dxc3 21. Rc1 Qa5
22. Rxc3 b4 23. Rb3 bxa3+ 24. Bd2 a2 25. O-O a1=Q 26. Bxa5 Qxa5 27. Rb7 Bc5 28.
b4 Qa4 29. Rc1 Rac8 30. Rc4 Qd1+ 31. Kg2 Bxf2 32. Kxf2 h5 33. Rxf7 Kxf7 34.
Qb7+ Kg8 35. Rxc8 Qd2+ 36. Kg1 Qe3+ 37. Kg2 hxg4 38. Rxf8+ Kxf8 39. Qc8+ Ne8
40. hxg4 Qb6 41. Nh4 Qxb4 42. Nxg6+ Kg7 43. Qd7+ Kh6 44. Qxe8 Qxg4+ 45. Kh2
Qxg6 46. Qh8+ Kg5 47. Qd8+ Kf4 48. Qd2+ Kxe5 49. Qe2+ Qe4 50. Qxa6 Kf5 51. Kg1
e5 52. Kf2 Qd4+ 53. Ke2 e4 54. Qc8+ Ke5 55. Qh8+ Kd5 56. Qg8+ Kc5 57. Qc8+ Kb4
58. Qb7+ Kc3 59. Qc6+ Qc4+ 60. Qxc4+ Kxc4 61. Ke3 Kd5 62. Ke2 Kd4 63. Kd2 e3+
64. Ke1 Ke4 65. Ke2 Kd4 66. Ke1 1/2-1/2

[Event "Memorial Perezzani 2019"]
[Site "?"]
[Date "2019.03.01"]
[Round "1.6"]
[White "Vitaliani, Marco"]
[Black "Sala, Giulia"]
[Result "1-0"]
[WhiteElo "1637"]
[BlackElo "1774"]
[PlyCount "65"]
[EventDate "2019.??.??"]

1. e4 e5 2. Nf3 Nc6 3. d4 exd4 4. Nxd4 Bc5 5. Be3 Qf6 6. c3 Nge7 7. Be2 O-O 8.
O-O Qg6 9. Nd2 d5 10. Nxc6 Qxc6 11. Bxc5 Qxc5 12. Nb3 Qc6 13. exd5 Nxd5 14. Bf3
Rd8 15. Re1 Qd6 16. Qxd5 Qf6 17. Qe5 Be6 18. Qxf6 gxf6 19. Nc5 Bd5 20. Bxd5
Rxd5 21. Ne4 Kg7 22. Rad1 Rb5 23. b3 Re8 24. Kf1 Rg8 25. c4 Ra5 26. Nc3 Kh6 27.
Re3 Rh5 28. Rdd3 Rxh2 29. Rh3+ Rxh3 30. Rxh3+ Kg7 31. Rg3+ Kf8 32. Rxg8+ Kxg8
33. Nd5 1-0

[Event "Memorial Perezzani 2019"]
[Site "?"]
[Date "2019.03.01"]
[Round "1.7"]
[White "Rosina, Graziano"]
[Black "Fiscato, Claudio"]
[Result "1-0"]
[WhiteElo "1763"]
[BlackElo "1636"]
[PlyCount "83"]
[EventDate "2019.??.??"]

1. Nf3 Nf6 2. c4 c5 3. Nc3 e6 4. d4 cxd4 5. Nxd4 a6 6. g3 d5 7. cxd5 Nxd5 8.
Bg2 Nxc3 9. bxc3 e5 10. Nc2 Qxd1+ 11. Kxd1 Bc5 12. Be3 Bxe3 13. Nxe3 O-O 14.
Rb1 Nc6 15. Kc2 Rd8 16. Rb6 Na5 17. Rhb1 Rb8 18. R1b4 Bd7 19. Bd5 Rbc8 20. Bxb7
Nxb7 21. Rxb7 Bb5 22. c4 Bc6 23. R7b6 a5 24. Rb2 g6 25. Kc3 Kg7 26. Rd2 Rxd2
27. Kxd2 f5 28. Ra6 a4 29. Ra7+ Kh6 30. Ra5 e4 31. Kc3 Kg7 32. Rc5 Kf7 33. Nd5
Ke6 34. Nb4 Bb7 35. Rxc8 Bxc8 36. Kd4 Kd7 37. Kc5 Bb7 38. e3 g5 39. Nd5 h5 40.
Nb6+ Kc7 41. Nxa4 g4 42. Nc3 1-0

[Event "Memorial Perezzani 2019"]
[Site "?"]
[Date "2019.03.01"]
[Round "1.8"]
[White "Cortese, Lina"]
[Black "Pisani, Valerio"]
[Result "0-1"]
[WhiteElo "1634"]
[BlackElo "1737"]
[PlyCount "132"]
[EventDate "2019.??.??"]

1. c4 e5 2. Nc3 Nf6 3. g3 Nc6 4. Bg2 Bc5 5. Nf3 d6 6. O-O h6 7. d3 Be6 8. a3 a5
9. b3 O-O 10. Bd2 Qd7 11. Re1 Bh3 12. Bh1 Ng4 13. e3 Nf6 14. Bc1 Rad8 15. d4
Ba7 16. Nb5 Bb8 17. Bb2 Bg4 18. dxe5 dxe5 19. Qxd7 Nxd7 20. Rac1 Nc5 21. Red1
Rxd1+ 22. Rxd1 e4 23. b4 Nd3 24. Rxd3 exd3 25. Nd2 axb4 26. axb4 Re8 27. Bxc6
bxc6 28. Nd4 Bd7 29. Kg2 c5 30. bxc5 Ba7 31. N4b3 Ba4 32. Bd4 Rb8 33. Nc1 Bc2
34. Kf3 f5 35. e4 fxe4+ 36. Nxe4 Rb1 37. Be3 Bd1+ 38. Kf4 Be2 39. Bd2 Ra1 40.
Ke3 Ra3 41. Nxe2 dxe2+ 42. Kxe2 Kf7 43. Be3 Ke6 44. Bd4 g6 45. Nc3 Bxc5 46. Nb5
Ra2+ 47. Kf3 Bxd4 48. Nxd4+ Ke5 49. Nc6+ Kd6 50. Nd4 c5 51. Nb5+ Ke5 52. Ke3
Ke6 53. h3 Rb2 54. h4 Rc2 55. f4 Rxc4 56. Kd3 Rb4 57. Nc3 Kf5 58. Ne2 Kg4 59.
Ke3 Rb2 60. Nc1 c4 61. h5 Kxh5 62. Kf3 Rb3+ 63. Ke4 Rxg3 64. Ne2 Ra3 65. Kd4 c3
66. Kd3 Kg4 0-1

[Event "Memorial Perezzani 2019"]
[Site "?"]
[Date "2019.03.01"]
[Round "1.9"]
[White "Marcori, Mirko"]
[Black "Belloni, Umberto"]
[Result "0-1"]
[WhiteElo "1733"]
[BlackElo "1630"]
[PlyCount "130"]
[EventDate "2019.??.??"]

1. Nf3 d5 2. d4 Bg4 3. Nbd2 e6 4. g3 f5 5. Ne5 Nf6 6. Bg2 Bh5 7. c3 c6 8. Ndf3
Nbd7 9. Bg5 h6 10. Nxd7 Qxd7 11. Ne5 Qc7 12. Bd2 Bd6 13. f4 Bxe5 14. fxe5 Ne4
15. Bf3 Qf7 16. O-O Qg6 17. Bf4 Bg4 18. Kg2 Qh5 19. Bxg4 fxg4 20. Qd3 O-O 21.
Rae1 Rf5 22. h4 gxh3+ 23. Kh2 g5 24. Bc1 Raf8 25. Rxf5 Rxf5 26. Be3 Qg4 27. Bg1
Nf2 28. Bxf2 Rxf2+ 29. Kh1 Qh5 30. Kg1 Qf7 31. Qe3 Rg2+ 32. Kh1 Qf5 33. a4 Kf7
34. b3 Ke7 35. c4 Qf2 36. Qxf2 Rxf2 37. cxd5 cxd5 38. e4 dxe4 39. Rxe4 Rd2 40.
b4 Rb2 41. a5 Rxb4 42. Kh2 Ra4 43. Kxh3 h5 44. g4 h4 45. Kh2 Rxa5 46. Re3 Rd5
47. Rb3 b6 48. Rb4 Kd7 49. Ra4 a5 50. Kh3 Rb5 51. Ra3 Rb4 52. Rd3 a4 53. Rd1
Rb3+ 54. Kh2 Kc6 55. d5+ exd5 56. Re1 Kd7 57. e6+ Ke7 58. Re5 a3 59. Rxg5 Kxe6
60. Rg6+ Kf7 61. Rd6 Rb5 62. g5 a2 63. Kh3 a1=Q 64. Rf6+ Kg7 65. Kxh4 Qxf6 {
tra la 60 e 62 le mosse sono state scritte molto male o assenti per cui sono
state messe a logica per far funzionare il seguito} 0-1

[Event "Memorial Perezzani 2019"]
[Site "?"]
[Date "2019.03.01"]
[Round "1.10"]
[White "De Marchi, Alessandro"]
[Black "Sottroi, Carlo"]
[Result "0-1"]
[WhiteElo "1612"]
[BlackElo "1731"]
[PlyCount "76"]
[EventDate "2019.??.??"]

1. c4 Nf6 2. Nc3 e5 3. Nf3 Nc6 4. d3 h6 5. g3 d5 6. cxd5 Nxd5 7. Bg2 Be6 8. O-O
Be7 9. Bd2 O-O 10. Rc1 Qd7 11. Re1 Rad8 12. Ne4 b6 13. a3 f5 14. Nc3 Nxc3 15.
Bxc3 Bf6 16. Qc2 Rf7 17. b4 Qd6 18. Qb2 Nd4 19. Nxd4 exd4 20. Bd2 Bd5 21. Bf4
Be5 22. Bxe5 Qxe5 23. Bxd5 Qxd5 24. Rc4 f4 25. Rec1 fxg3 26. hxg3 Qf5 27. Rf1
Qd5 28. Qc2 Qe5 29. Qa2 Rdf8 30. Rc6 Re8 31. Rc2 Ref8 32. a4 Kh7 33. b5 Rxf2
34. Rxf2 Qe3 35. Qd5 Qxf2+ 36. Kh1 Qxg3 37. Qg2 Qe1+ 38. Qg1 Rf1 0-1

[Event "Memorial Perezzani 2019"]
[Site "?"]
[Date "2019.03.01"]
[Round "1.11"]
[White "Cervati, Michele"]
[Black "Tencheni, Maurizio"]
[Result "1-0"]
[WhiteElo "1729"]
[BlackElo "1599"]
[PlyCount "55"]
[EventDate "2019.??.??"]

1. e4 c5 2. c3 e6 3. Nf3 b6 4. d4 cxd4 5. cxd4 Bb7 6. Nc3 Nf6 7. d5 Bb4 8. Bg5
h6 9. Bxf6 Qxf6 10. Rc1 O-O 11. Be2 Na6 12. O-O Bxc3 13. Rxc3 Rac8 14. Qa4 Nc5
15. Qxa7 Ra8 16. Qxb6 Na4 17. Qxb7 Nxc3 18. bxc3 Rxa2 19. Bb5 Qxc3 20. Qxd7
exd5 21. exd5 Ra5 22. Bc6 Qf6 23. Re1 Qc3 24. Qe7 Ra2 25. Qxf8+ Kh7 26. Qe7 Qb2
27. Qe3 Qf6 28. Qe5 1-0

[Event "Memorial Perezzani 2019"]
[Site "?"]
[Date "2019.03.01"]
[Round "1.12"]
[White "Zonta, Riccardo"]
[Black "De Paoli, Emilio"]
[Result "0-1"]
[WhiteElo "1539"]
[BlackElo "1718"]
[PlyCount "62"]
[EventDate "2019.??.??"]

1. e4 e6 2. d4 d5 3. exd5 exd5 4. Bd3 Bd6 5. Nf3 Nf6 6. O-O O-O 7. h3 b6 8. Be3
Ba6 9. c3 Re8 10. Bxa6 Nxa6 11. Qd3 Qc8 12. Nbd2 c5 13. Rac1 c4 14. Qb1 Nc7 15.
Rfe1 h6 16. Nh4 Ne4 17. Nxe4 dxe4 18. g4 Nd5 19. Nf5 Bf4 20. Kg2 h5 21. Bxf4
Nxf4+ 22. Kf1 Nd3 23. Nd6 Qc6 24. Nxe8 Rxe8 25. Re3 hxg4 26. hxg4 Qh6 27. Ke2
Qh4 28. Rf1 Qxg4+ 29. Kd2 f5 30. Rxd3 exd3 31. Qd1 Qf4# 0-1

[Event "Memorial Perezzani 2019"]
[Site "?"]
[Date "2019.03.01"]
[Round "1.13"]
[White "Casarotto, Michele"]
[Black "Crestani, Federico"]
[Result "1/2-1/2"]
[WhiteElo "1714"]
[BlackElo "1525"]
[PlyCount "53"]
[EventDate "2019.??.??"]

1. e4 e6 2. d4 d5 3. e5 c5 4. c3 Nc6 5. Nf3 Bd7 6. Bd3 Qb6 7. Bc2 cxd4 8. cxd4
Nge7 9. O-O Nf5 10. Bxf5 exf5 11. Nc3 Be6 12. Rb1 h6 13. h4 Be7 14. Be3 Qd8 15.
h5 g5 16. hxg6 fxg6 17. Qb3 Rb8 18. Na4 Qc8 19. Rbc1 g5 20. Nc5 f4 21. Nxe6
Qxe6 22. Bd2 Kf7 23. Nh2 Nxd4 24. Qd3 Nc6 25. Bc3 Kg7 26. Rfe1 Rbd8 27. Bd4
1/2-1/2

[Event "Memorial Perezzani 2019"]
[Site "?"]
[Date "2019.03.01"]
[Round "1.14"]
[White "Conte, Roberto"]
[Black "Jimchi, Abdelaziz"]
[Result "0-1"]
[WhiteElo "1506"]
[BlackElo "1703"]
[PlyCount "78"]
[EventDate "2019.??.??"]

1. e4 d5 2. exd5 Qxd5 3. Nc3 Qd6 4. Nf3 Nf6 5. d4 c6 6. Bc4 Bg4 7. h3 Bxf3 8.
gxf3 Nbd7 9. a3 e5 10. Be3 exd4 11. Qxd4 Qxd4 12. Bxd4 Be7 13. O-O-O O-O 14.
Ne4 Nxe4 15. fxe4 Nf6 16. Rhg1 b5 17. Ba2 Rfd8 18. e5 Nh5 19. Rg4 c5 20. Be3
Rxd1+ 21. Kxd1 Rd8+ 22. Ke2 g6 23. Bg5 Bxg5 24. Rxg5 c4 25. Ke3 Ng7 26. e6 Nf5+
27. Ke2 Re8 28. Kf1 Rxe6 29. b3 cxb3 30. Bxb3 Re4 31. Rg4 Rxg4 32. hxg4 Nd4 33.
f4 Kg7 34. Kf2 Nxb3 35. cxb3 h5 36. gxh5 gxh5 37. Kg3 Kg6 38. Kh4 Kf5 39. Kg3
Ke4 0-1

[Event "Memorial Perezzani 2019"]
[Site "?"]
[Date "2019.03.01"]
[Round "1.15"]
[White "Magnabosco, Mauro Denis"]
[Black "Pavesi, Bianca"]
[Result "1-0"]
[WhiteElo "1699"]
[BlackElo "1500"]
[PlyCount "75"]
[EventDate "2019.??.??"]

1. c4 e6 2. Nc3 d5 3. cxd5 exd5 4. d4 Nf6 5. Nf3 c5 6. g3 Nc6 7. Bg2 Bd6 8. O-O
O-O 9. Bg5 Be7 10. dxc5 d4 11. Na4 Bg4 12. Rc1 Bxf3 13. Bxf3 Qd7 14. b3 Ne5 15.
Bg2 Rac8 16. Bf4 Ng6 17. Bd2 Ne5 18. a3 Rfd8 19. Ba5 Re8 20. h3 Bd8 21. Bxd8
Rexd8 22. Rc2 Nc6 23. Rd2 h6 24. Nb2 Ne5 25. b4 Kh8 26. Qb3 Kg8 27. Rfd1 Qb5
28. a4 Qa6 29. b5 Qa5 30. Nc4 Nxc4 31. Qxc4 Rd7 32. Rxd4 Rxd4 33. Qxd4 Re8 34.
e3 Re7 35. c6 Re8 36. cxb7 Qc7 37. Bc6 Rb8 38. Qxa7 1-0

[Event "Memorial Perezzani 2019"]
[Site "?"]
[Date "2019.03.02"]
[Round "2.1"]
[White "Pieropan, Giorgio"]
[Black "De Paoli, Emilio"]
[Result "1-0"]
[WhiteElo "1792"]
[BlackElo "1718"]
[PlyCount "103"]
[EventDate "2019.??.??"]

1. d4 Nf6 2. Nf3 g6 3. e3 Bg7 4. c4 O-O 5. Nc3 d5 6. h3 c6 7. b3 Ne4 8. Bd2 e6
9. Qc2 Nxd2 10. Qxd2 Nd7 11. Rd1 a6 12. Be2 b5 13. O-O Rb8 14. Rb1 Qe7 15. Rfe1
Rd8 16. a4 b4 17. Na2 a5 18. cxd5 cxd5 19. Bb5 Bb7 20. Rbc1 Rbc8 21. Rxc8 Rxc8
22. Rc1 Rxc1+ 23. Nxc1 Nf6 24. Qc2 Ne4 25. Nd3 h6 26. Nfe5 Kh7 27. f3 Nc3 28.
f4 Qc7 29. Be8 Ba6 30. Bxf7 Bxe5 31. Bxg6+ Kg7 32. Nxe5 Ne2+ 33. Kf2 Qe7 34. g3
Nc3 35. Bd3 Bb7 36. Bh7 Ne4+ 37. Bxe4 dxe4 38. Qc5 Qxc5 39. dxc5 Kf8 40. Nc4
Bd5 41. Nxa5 Ke7 42. Ke1 Kd7 43. Kd2 h5 44. Kc2 Kc7 45. Nc4 Kc6 46. Nb6 Kxc5
47. Nxd5 exd5 48. g4 h4 49. g5 d4 50. Kd2 dxe3+ 51. Kxe3 Kd5 52. a5 1-0

[Event "Memorial Perezzani 2019"]
[Site "?"]
[Date "2019.03.02"]
[Round "2.2"]
[White "Jimchi, Abdelaziz"]
[Black "Rosina, Graziano"]
[Result "1/2-1/2"]
[WhiteElo "1703"]
[BlackElo "1763"]
[PlyCount "110"]
[EventDate "2019.??.??"]

1. d4 d6 2. Bf4 Nf6 3. e3 Nbd7 4. Nf3 Nh5 5. Bg5 h6 6. Bh4 g5 7. Nfd2 Ndf6 8.
Bg3 Bg7 9. Be2 Nxg3 10. hxg3 Bf5 11. c3 c6 12. Qb3 Qc7 13. c4 e5 14. dxe5 dxe5
15. Nc3 e4 16. Qc2 Qe7 17. Rd1 O-O 18. O-O Rfe8 19. Nb3 Bg6 20. Rd2 Rad8 21.
Rfd1 Rxd2 22. Qxd2 Rc8 23. Qd6 Bf8 24. Qxe7 Bxe7 25. a3 Rd8 26. Na5 Rb8 27. b4
Bf5 28. Nb3 Rd8 29. Na5 Bc8 30. Nb3 b6 31. Kf1 Rxd1+ 32. Bxd1 Be6 33. Be2 Bd8
34. Nd4 Bd7 35. Nb3 Be6 36. Nd2 Bf5 37. Bd1 a5 38. Bc2 axb4 39. axb4 Be7 40. b5
cxb5 41. cxb5 Bb4 42. Ncxe4 Nxe4 43. Nxe4 Bxe4 44. Bxe4 Kg7 45. Ke2 Kf6 46. Bd5
Ke7 47. f4 f5 48. e4 fxe4 49. Bxe4 Kf6 50. Kf3 Bd2 51. f5 Ke5 52. g4 Bb4 53.
Ke3 Bc5+ 54. Kd3 Bg1 55. Bf3 Bc5 1/2-1/2

[Event "Memorial Perezzani 2019"]
[Site "?"]
[Date "2019.03.02"]
[Round "2.3"]
[White "Pisani, Valerio"]
[Black "Magnabosco, Mauro Denis"]
[Result "0-1"]
[WhiteElo "1737"]
[BlackElo "1699"]
[PlyCount "84"]
[EventDate "2019.??.??"]

1. d4 Nf6 2. Nf3 e6 3. c4 b6 4. Nc3 Bb4 5. e3 Bb7 6. Bd3 Bxc3+ 7. bxc3 d6 8.
Qc2 Nbd7 9. e4 e5 10. O-O O-O 11. Bg5 h6 12. Bh4 Re8 13. Rfe1 Qe7 14. dxe5 dxe5
15. h3 Nc5 16. Rad1 Rad8 17. Bxf6 Qxf6 18. Re3 Rd6 19. Be2 Red8 20. Rxd6 Rxd6
21. Nh2 Qd8 22. Nf1 Bc6 23. Bf3 Ba4 24. Qb2 Rd3 25. Rxd3 Qxd3 26. Qd2 Bc2 27.
Qxd3 Bxd3 28. Nd2 Na4 29. a3 Nxc3 30. g3 Kf8 31. Bg2 Ke7 32. f4 exf4 33. gxf4
Ne2+ 34. Kf2 Nxf4 35. h4 f6 36. Bf3 g5 37. Ke3 Bc2 38. Nf1 Bd3 39. Nd2 Bc2 40.
h5 Ba4 41. Kd4 c5+ 42. Kc3 Be8 0-1

[Event "Memorial Perezzani B"]
[Site "?"]
[Date "2019.03.02"]
[Round "2.4"]
[White "Sottroi, Carlo"]
[Black "Leone, Cataldo"]
[Result "0-1"]
[WhiteElo "1731"]
[BlackElo "1490"]
[PlyCount "36"]
[EventDate "2019.??.??"]

1. e4 e5 2. Nf3 Nc6 3. Bb5 a6 4. Ba4 d6 5. O-O Nf6 6. d4 b5 7. Bb3 Be7 8. c3
O-O 9. a4 Bg4 10. Be3 Nxe4 11. Bd5 Qd7 12. Bxe4 d5 13. Bc2 e4 14. h3 Bxf3 15.
gxf3 Qxh3 16. f4 f5 17. f3 Qg3+ 18. Kh1 Rf6 0-1

[Event "Memorial Perezzani 2019"]
[Site "?"]
[Date "2019.03.02"]
[Round "2.5"]
[White "Perantoni, Matteo"]
[Black "Cervati, Michele"]
[Result "0-1"]
[WhiteElo "1680"]
[BlackElo "1729"]
[PlyCount "74"]
[EventDate "2019.??.??"]

1. e4 e6 2. Nc3 d5 3. exd5 exd5 4. Nf3 Nf6 5. d3 c5 6. Bg5 Be6 7. Be2 Nc6 8.
Qd2 Be7 9. O-O O-O 10. Rfe1 Re8 11. Rad1 d4 12. Ne4 Nxe4 13. dxe4 f6 14. Bf4
Bd6 15. b3 Bc7 16. Bxc7 Qxc7 17. Bb5 Bg4 18. Bxc6 Qxc6 19. Qd3 Bxf3 20. Qxf3
Re7 21. Re2 Rae8 22. Rde1 Re5 23. Qd3 R5e6 24. a4 a6 25. f3 b5 26. axb5 axb5
27. Kf2 Rd8 28. e5 c4 29. bxc4 bxc4 30. Qf5 g6 31. Qf4 f5 32. Qd2 d3 33. f4 c3
34. Qd1 Qb6+ 35. Re3 dxc2 36. Qa1 Qb2 37. Rxc3 c1=Q+ 0-1

[Event "Memorial Perezzani 2019"]
[Site "?"]
[Date "2019.03.02"]
[Round "2.6"]
[White "Belloni, Umberto"]
[Black "Zanirato, Stefano"]
[Result "1-0"]
[WhiteElo "1630"]
[BlackElo "1865"]
[PlyCount "88"]
[EventDate "2019.??.??"]

1. d4 d5 2. Bg5 h6 3. Bh4 g5 4. Bg3 Bf5 5. e3 Nf6 6. Be5 Nbd7 7. Nf3 Bg7 8. Bd3
Bxd3 9. Qxd3 c6 10. Nbd2 Nxe5 11. Nxe5 e6 12. f4 g4 13. h3 g3 14. O-O O-O 15.
Rf3 Nh5 16. Raf1 f5 17. c4 Bxe5 18. fxe5 Qg5 19. Qa3 Rf7 20. cxd5 cxd5 21. Rc1
Qe7 22. Qc5 Qxc5 23. Rxc5 Raf8 24. Rf1 f4 25. e4 f3 26. gxf3 Nf4 27. exd5 exd5
28. Rc2 Rg7 29. Nb3 Nxh3+ 30. Kh1 Nf4 31. Rg2 h5 32. Nc1 h4 33. Ne2 Nh5 34. Nc3
h3 35. Nxd5 hxg2+ 36. Kxg2 Nf4+ 37. Nxf4 Rxf4 38. Rd1 Rh4 39. f4 Rxf4 40. e6
Rf2+ 41. Kg1 Re2 42. d5 g2 43. e7 Rgxe7 44. d6 Rh7 1-0

[Event "Memorial Perezzani 2019"]
[Site "?"]
[Date "2019.03.02"]
[Round "2.7"]
[White "Negro, Raffaele"]
[Black "Casarotto, Michele"]
[Result "1-0"]
[WhiteElo "1831"]
[BlackElo "1714"]
[PlyCount "49"]
[EventDate "2019.??.??"]

1. d4 d5 2. Bf4 Nf6 3. e3 e6 4. Nd2 c5 5. c3 Nbd7 6. Ngf3 Nh5 7. Bg5 Be7 8.
Bxe7 Qxe7 9. Ne5 Nhf6 10. Bd3 Qd6 11. f4 Qb6 12. Rb1 cxd4 13. exd4 O-O 14. O-O
Nxe5 15. fxe5 Nd7 16. Qh5 g6 17. Qg5 Qd8 18. Qh6 Qe7 19. Rf3 f6 20. Rbf1 fxe5
21. Rxf8+ Nxf8 22. dxe5 Qc5+ 23. Kh1 Bd7 24. Nf3 Bb5 25. Ng5 1-0

[Event "Memorial Perezzani 2019"]
[Site "?"]
[Date "2019.03.02"]
[Round "2.8"]
[White "Crestani, Federico"]
[Black "Adami, Antonio"]
[Result "0-1"]
[WhiteElo "1525"]
[BlackElo "1787"]
[PlyCount "86"]
[EventDate "2019.??.??"]

1. d4 Nf6 2. Bf4 d6 3. Nf3 g6 4. e3 Bg7 5. Bd3 O-O 6. Nbd2 c6 7. c3 Bg4 8. h3
e5 9. Bg5 Bxf3 10. Qxf3 Nbd7 11. O-O exd4 12. exd4 Qa5 13. Bf4 d5 14. Nb3 Qb6
15. Rfe1 Rfe8 16. Bd6 a5 17. Re2 Rxe2 18. Qxe2 Re8 19. Qd2 Bf8 20. Bxf8 Kxf8
21. Rb1 a4 22. Nc1 Qc7 23. Ne2 Kg7 24. Ng3 Qd6 25. Qg5 Kh8 26. h4 Qe6 27. h5
Qg4 28. Qxg4 Nxg4 29. hxg6 hxg6 30. b4 b5 31. a3 Kg7 32. Nf1 f5 33. Nh2 Ndf6
34. Nf3 Ne4 35. Re1 Ngxf2 36. Bxe4 Nxe4 37. Ne5 Nxc3 38. Re3 Nd1 39. Rd3 Nb2
40. Rg3 Re6 41. Re3 f4 42. Rf3 Nc4 43. Rxf4 Nxe5 0-1

[Event "Memorial Perezzani 2019"]
[Site "?"]
[Date "2019.03.02"]
[Round "2.9"]
[White "Aliberti, Nicola"]
[Black "Roiatti, Noris"]
[Result "1/2-1/2"]
[WhiteElo "1690"]
[BlackElo "1685"]
[PlyCount "78"]
[EventDate "2019.??.??"]

1. d4 d5 2. Nf3 Nf6 3. Bf4 Nc6 4. e3 a6 5. Be2 Bf5 6. c3 e6 7. O-O Bd6 8. Bxd6
Qxd6 9. Nbd2 b5 10. b4 O-O 11. a4 Na7 12. a5 Nc6 13. Nh4 Ne7 14. Nxf5 Nxf5 15.
Qc2 Ne7 16. f4 Nf5 17. Qd3 Qe7 18. e4 dxe4 19. Nxe4 Nxe4 20. Qxe4 Nd6 21. Qc6
Rfd8 22. Bf3 Ra7 23. Rfe1 Qd7 24. Qc5 Nc8 25. d5 exd5 26. Bxd5 Qd6 27. Qxd6
cxd6 28. Re3 Ne7 29. Bf3 d5 30. Rd1 Kf8 31. g3 f6 32. Red3 Rad7 33. g4 g6 34.
h3 Kg7 35. Kf2 h6 36. Kg3 Rd6 37. h4 g5 38. hxg5 hxg5 39. f5 Kf8 1/2-1/2

[Event "Memorial Perezzani 2019"]
[Site "?"]
[Date "2019.03.02"]
[Round "2.10"]
[White "Frescura, Davide"]
[Black "Adami, Alessandro"]
[Result "0-1"]
[WhiteElo "1645"]
[BlackElo "1797"]
[PlyCount "112"]
[EventDate "2019.??.??"]

1. e4 Nf6 2. e5 Nd5 3. c4 Nb6 4. d4 d6 5. f4 dxe5 6. fxe5 e6 7. Nf3 c5 8. Be3
cxd4 9. Bxd4 Nc6 10. Be3 Qxd1+ 11. Kxd1 Nd7 12. Bf4 g6 13. Bd3 Bg7 14. Re1 h6
15. Nc3 a6 16. Ne4 O-O 17. Nd6 g5 18. Bg3 g4 19. Nd2 Bxe5 20. Bxe5 Ndxe5 21.
Be4 Rd8 22. c5 b6 23. Bxc6 Nxc6 24. Rf1 f5 25. Nxc8 Raxc8 26. cxb6 Rb8 27. Rc1
Rxb6 28. b3 Nb4 29. a3 Nd3 30. Rc7 Rbd6 31. Kc2 Nb4+ 32. axb4 Rxd2+ 33. Kc1
Rxg2 34. Rc6 Kf7 35. Re1 Re8 36. Rxa6 f4 37. b5 f3 38. Rf1 f2 39. Ra2 Rxh2 40.
Raxf2+ Rxf2 41. Rxf2+ Kg6 42. Re2 h5 43. Kd1 h4 44. Ke1 g3 45. Kf1 h3 46. Kg1
Kf5 47. Re3 Kf4 48. Rc3 Rd8 49. Rc4+ Kf5 50. Rc1 e5 51. Rf1+ Kg4 52. Re1 h2+
53. Kg2 Rd2+ 54. Kh1 Kh3 55. Re3 Rd1+ 56. Re1 Rxe1# 0-1